Verbos em italiano I - Statistics

Estatísticas Gerais
  • Esse quiz foi jogado 135 vezes
  • A pontuação média é 10 de 15
Estatísticas das Respostas
Hint Resposta % Correto
PARLARE FALAR
95%
DIRE DIZER
92%
MANGIARE COMER
87%
CONOSCERE CONHECER
86%
SAPERE SABER
85%
BERE BEBER
84%
VENIRE VIR
78%
ABITARE MORAR
62%
ANDARE IR
58%
CREDERE ACREDITAR
57%
AIUTARE AJUDAR
57%
CAPIRE ENTENDER
57%
AVERE TER
57%
VOLERE QUERER
46%
RIMANERE PERMANECER
30%
Nenhum quiz correspondente encontrado
Distribuição das Pontuações
Porcentagem de Pessoas com Cada Pontuação
Percentil de Números Respondidos
Sua Pontuação Histórica
Você não jogou esse quiz